000 00654nam a2200241Ia 4500
003 OSt
005 20220918185208.0
006 a|||||r|||| 00| 0
007 ta
008 220917b |||||||| |||| 00| 0 eng d
024 _a50,042
037 _cTextual
040 _aARTS
_cARTS
_beng
041 _2eng
_aeng
082 _aP:(B139), N0
100 _aPartee barbara Hall
_968172
245 0 _aMathamatical methods in linguistics
260 _aNetherLands
_bKluwer Academic
_c1990
300 _axx,662p. illus
_ccm.
650 _aLINGUISTICS
942 _hP:(B139), N0
_cTEXL
_2CC
999 _c179641
_d179641